| 000 | 00823nam a2200265Ia 4500 | ||
|---|---|---|---|
| 003 | OSt | ||
| 005 | 20221005073707.0 | ||
| 006 | a|||||r|||| 00| 0 | ||
| 007 | ta | ||
| 008 | 221004b |||||||| |||| 00| 0 eng d | ||
| 020 |
_a9789388162654 (hbk) _cINR 1549.00 |
||
| 024 | _a65538 | ||
| 037 |
_b293, 27/01/2020, Eastern Book Linkers _cTextual |
||
| 040 |
_aCRL _cCRL _beng |
||
| 041 |
_2eng _aeng |
||
| 082 | _aV2:71, Q9 | ||
| 100 |
_aChandra Mishra Mahesh Au. _9608217 |
||
| 245 | 0 |
_aIndus civilizations _b arts and crafts |
|
| 260 |
_aNew Delhi _bInnovative Imprint India _c2019 |
||
| 300 |
_aviii,232p. _ccm. |
||
| 650 | _a HISTORY | ||
| 650 |
_aCIVILIZATION _9131607 |
||
| 942 |
_hV2:71, Q9 _cTEXL _2cc |
||
| 999 |
_c981550 _d981550 |
||